On-line investovanie

Fenomén internetu otvára nové možnosti obchodovania. Výhody a nevýhody obchodovania cez internet. On-line obchodovanie s akciami.

Gespeichert in:
Bibliographische Detailangaben
1. Verfasser: Václavová, Želmíra
Format: Buchkapitel
Sprache:Slowakisch
Schlagworte:
Tags: Tag hinzufügen
Keine Tags, Fügen Sie das erste Tag hinzu!

MARC

LEADER 00000naa a2200000 4500
001 r040338
005 20230920071734.1
041 0 |a slo 
044 |a SK 
245 1 0 |a On-line investovanie  |c Želmíra Václavová 
520 |a Fenomén internetu otvára nové možnosti obchodovania. Výhody a nevýhody obchodovania cez internet. On-line obchodovanie s akciami. 
610 2 0 |a obchod elektronický 
610 2 0 |a konkurencia 
610 2 0 |a investície 
610 2 0 |a akcie 
610 2 0 |a investori 
610 2 0 |a podnikanie 
610 2 0 |a internet 
100 1 |a Václavová, Želmíra